000 01191nam2a22002531 4500
001 rc\2381552
005 20260406102510.0
035 _a(NLR Aleph) 006717623
090 _a5409444
_c5409444
100 _a20110829g19791980|||y0rusy50 ca
101 0 _arus
102 _aRU
105 _aa z |||a|
200 1 _a[Молодая гвардия
_eРоман
_eЧ. 1
_fИл. О. Верейского
210 _d1979 (вып. дан. 1980)
_aБ. м.
215 _a382 с., 4 л. цв. ил.
461 0 _1001rc\576264
_12001#$aСобрание сочинений$eВ 4 т.$fА. Фадеев$g[Вступ. ст. С. Заики, с. 3-48$gИл. О.Г. Верейского]$vТ. 3
_1700#1$aФадеев$bА.А.$gАлександр Александрович$f1901-1956
_96932890
_aФадеев, А.А. (1901-1956)
_cМ.
_d1987-
_fА. Фадеев
_nПравда
_oВ 4 т.
_tСобрание сочинений
_vТ. 3
702 1 _4440
_7ca
_8rus
_aВерейский
_bО. Г.
_cхудожник
_f1915-1993
_gОрест Георгиевич
_967131
_3RU\NLR\AUTH\7784203
801 0 _aRU
_bNLR
_gpsbo
801 1 _aRU
_bELAR
_2rusmarc
852 _aNLR
_j80-3/2718
942 _cBOOK
980 _aNB